[Event "3[Site "Potsdam"]
[Date "2012.12.27"]
[Round "1.1"]
[White "Müller, Georg"]
[Black "Brüdigam, Martin"]
[Result "0-1"]
[WhiteElo "1821"]
[BlackElo "2303"]
[PlyCount "64"]
[EventDate "2013.??.??"]

1. d4 Nf6 2. e3 d5 3. Bd3 c5 4. c3 Nc6 5. f4 Bg4 6. Nf3 e6 7. O-O Bd6 8. Qe1
Bxf3 9. Rxf3 Ne4 10. f5 exf5 11. Rxf5 Qd7 12. Qf1 g6 13. Rf3 Qc7 14. Rh3 f5 15.
Bxe4 dxe4 16. d5 Ne5 17. c4 Ng4 18. g3 Be5 19. Nc3 Bxc3 20. bxc3 Ne5 21. a4
O-O-O 22. a5 h5 23. Ba3 Nf3+ 24. Kh1 g5 25. Bc1 h4 26. gxh4 g4 27. Rxf3 gxf3
28. Qh3 Qg7 29. Bd2 Rxh4 30. Qxf5+ Kb8 31. Rg1 Rxh2+ 32. Kxh2 Rh8+ 0-1

[Event "3[Site "Potsdam"]
[Date "2012.12.27"]
[Round "1.2"]
[White "Rietze, Clemens"]
[Black "Mohr, Horst"]
[Result "1-0"]
[WhiteElo "2265"]
[BlackElo "1811"]
[PlyCount "93"]
[EventDate "2013.??.??"]

1. e4 {[%emt 0:00:00]} c6 2. d4 d5 3. Nc3 dxe4 4. Nxe4 Bf5 5. Ng3 Bg6 6. h4 h6
7. Nf3 Nf6 8. h5 Bh7 9. Bd3 Bxd3 10. Qxd3 Nbd7 11. Bf4 Qb6 12. O-O-O O-O-O 13.
Nf5 Nd5 14. Bg3 e6 15. Nd6+ Bxd6 16. Bxd6 N7f6 17. Bg3 Rhf8 18. a3 Ne7 19. Ne5
Nf5 20. Nc4 Qa6 21. c3 Nxg3 22. fxg3 Qb5 23. Rde1 Qd5 24. Rh2 Nd7 25. Qe2 Nb6
26. Ne5 Nd7 27. Nd3 Qg5+ 28. Qe3 Qd5 29. Kb1 Nf6 30. Qf3 Qb5 31. Rh4 Rd5 32.
Ne5 Qb3 33. c4 Qxf3 34. gxf3 Rd6 35. Kc2 Nd7 36. Nd3 Nf6 37. Kc3 Nh7 38. Re3 b6
39. Rg4 Rg8 40. Ne5 Nf6 41. Rh4 Rf8 42. b4 Nd7 43. Nd3 Nf6 44. Ne5 Nd7 45. c5
Rd5 46. Nxc6 bxc5 47. Ne7+ 1-0

[Event "3[Site "Potsdam"]
[Date "2012.12.27"]
[Round "1.3"]
[White "Torzinski, Nils"]
[Black "Gaerths, Ronny"]
[Result "0-1"]
[WhiteElo "1809"]
[BlackElo "2258"]
[PlyCount "80"]
[EventDate "2013.??.??"]

1. e4 {[%emt 0:00:00]} g6 2. f4 Bg7 3. Nf3 d5 4. d3 Nh6 5. h3 c6 6. Nc3 O-O 7.
Be2 f6 8. O-O Nf7 9. Qe1 Na6 10. a3 e5 11. Qg3 dxe4 12. Nxe4 exf4 13. Bxf4 Be6
14. d4 g5 15. Bd2 Nc7 16. c4 h6 17. Bb4 Re8 18. Nd6 Nxd6 19. Bxd6 Rc8 20. Nd2
f5 21. Be5 Bxe5 22. Qxe5 Bd7 23. Qd6 Re6 24. Qg3 Rxe2 25. Nf3 f4 26. Qh2 Bf5
27. h4 Ne6 28. hxg5 hxg5 29. Rfe1 Rxe1+ 30. Rxe1 Rc7 31. Rxe6 Bxe6 32. Qh6 Bg4
33. Nxg5 Qxd4+ 34. Kf1 Qd1+ 35. Kf2 Qd4+ 36. Kf1 Rg7 37. b3 Qd1+ 38. Kf2 Qd4+
39. Kf1 Qa1+ 40. Kf2 Qe5 0-1

[Event "3[Site "Potsdam"]
[Date "2012.12.27"]
[Round "1.4"]
[White "Friedrich, Wiede"]
[Black "Geike, Eberhard"]
[Result "1-0"]
[WhiteElo "2251"]
[BlackElo "1804"]
[PlyCount "49"]
[EventDate "2013.??.??"]

1. e4 {[%emt 0:00:00]} e5 2. Nf3 Nc6 3. Bc4 Be7 4. O-O Nf6 5. d4 d6 6. d5 Nb8
7. Nc3 O-O 8. a3 c6 9. dxc6 bxc6 10. Qe2 Qb6 11. b4 Ba6 12. Bg5 Bxc4 13. Qxc4
Nbd7 14. Rfd1 h6 15. Be3 Qb7 16. Nh4 Nb6 17. Bxb6 axb6 18. Nf5 Rfd8 19. Qxc6
Ra7 20. Nxe7+ Qxe7 21. Qxb6 Rb7 22. Qe3 Qe6 23. b5 Ng4 24. Qd3 Nf6 25. a4 1-0

[Event "3[Site "Potsdam"]
[Date "2012.12.27"]
[Round "1.5"]
[White "Engers, Felix"]
[Black "Kuhne, Detlev"]
[Result "1/2-1/2"]
[WhiteElo "1784"]
[BlackElo "2175"]
[PlyCount "117"]
[EventDate "2013.??.??"]

1. c4 c6 2. g3 d5 3. Bg2 Nf6 4. Nf3 a6 5. O-O Bf5 6. d3 e6 7. Bg5 Be7 8. Nbd2
Nbd7 9. cxd5 cxd5 10. Rc1 O-O 11. Qb3 Nc5 12. Qd1 Rc8 13. b4 Ncd7 14. Qb3 h6
15. Bf4 Bh7 16. Ne5 Nxe5 17. Bxe5 Nd7 18. Bb2 Bf6 19. Rxc8 Qxc8 20. Rc1 Qb8 21.
Bxf6 Nxf6 22. Rc3 Qe5 23. e3 Bg6 24. Nf3 Qd6 25. Bf1 Nd7 26. b5 a5 27. Qa3 Qxa3
28. Rxa3 Rc8 29. Rxa5 Rc1 30. Kg2 Nc5 31. Ne5 Kh7 32. Nxg6 fxg6 33. Ra7 b6 34.
Rc7 Ra1 35. d4 Na4 36. Rc2 Kg8 37. Bd3 Kf7 38. Rc7+ Kf6 39. Bc2 Rxa2 40. Bxa4
Rxa4 41. Rc6 Rb4 42. Rxb6 Rb2 43. Rb7 g5 44. b6 g4 45. Kf1 Rb1+ 46. Ke2 Rb2+
47. Ke1 Rb1+ 48. Kd2 Rb2+ 49. Kc3 Rb1 50. Rb8 Kf7 51. e4 Rb5 52. exd5 exd5 53.
b7 Rb6 54. Kd2 Rb3 55. Ke2 Kg6 56. Rd8 Rxb7 57. Rxd5 h5 58. Ke3 Rb3+ 59. Ke2
1/2-1/2

[Event "3[Site "Potsdam"]
[Date "2012.12.27"]
[Round "1.6"]
[White "Erlach, Olaf"]
[Black "Wähner, Manuel"]
[Result "1-0"]
[WhiteElo "2173"]
[BlackElo "1762"]
[PlyCount "105"]
[EventDate "2013.??.??"]

1. e4 e6 2. d4 d5 3. Nd2 c5 4. Ngf3 Nc6 5. exd5 exd5 6. Bb5 Bd6 7. dxc5 Bxc5 8.
O-O Nge7 9. Nb3 Bd6 10. Re1 O-O 11. Bg5 Bg4 12. Be2 Re8 13. c3 Qb6 14. Nfd4
Bxe2 15. Rxe2 Rad8 16. Qe1 f6 17. Be3 Qa6 18. Ne6 Rc8 19. Nec5 Qb6 20. Ne4 Qc7
21. Nxd6 Qxd6 22. Bc5 Qd7 23. Rd1 Nf5 24. c4 d4 25. Nxd4 Nfxd4 26. Bxd4 Nxd4
27. Rxd4 Rxe2 28. Qxe2 Qf5 29. h3 Kh8 30. Qe7 h6 31. Qxb7 Re8 32. Rd1 Qc2 33.
Rf1 Re2 34. Qxa7 Qxb2 35. c5 Qxa2 36. Qxa2 Rxa2 37. Rc1 Kg8 38. g4 Kf7 39. c6
Ra8 40. Kg2 Ke6 41. Kf3 Rc8 42. h4 Kd6 43. Ke4 Ke6 44. h5 Rc7 45. f4 Kd6 46.
Kf5 Ke7 47. Re1+ Kf7 48. Re6 Ra7 49. Rd6 Ra5+ 50. Ke4 Ra4+ 51. Rd4 Ra8 52. Rd7+
Ke6 53. f5# 1-0

[Event "3[Site "Potsdam"]
[Date "2012.12.27"]
[Round "1.7"]
[White "Kliem, Helmut"]
[Black "Cusnariov, Nicolai"]
[Result "1-0"]
[WhiteElo "1760"]
[BlackElo "2168"]
[PlyCount "78"]
[EventDate "2013.??.??"]

1. e4 {[%emt 0:00:00]} c5 {[%emt 0:00:00]} 2. Nf3 d6 3. d4 cxd4 4. Nxd4 Nf6 5.
Nc3 a6 6. f3 e5 7. Nb3 Be6 8. Be3 Nbd7 9. Qd2 Qc7 10. O-O-O Rc8 11. Kb1 b5 12.
Rc1 Be7 13. g4 Nb6 14. Bxb6 Qxb6 15. Be2 O-O 16. h4 b4 17. Nd5 Nxd5 18. exd5
Bd7 19. Bd3 a5 20. Qe2 a4 21. Nd2 Qc5 22. Be4 a3 23. Nb3 Qa7 24. c3 axb2 25.
Qxb2 bxc3 26. Rxc3 Rxc3 27. Qxc3 Ra8 28. Qc2 h6 29. Qb2 Rb8 30. Qd2 Ba4 31. Bc2
e4 32. g5 hxg5 33. hxg5 f5 34. fxe4 fxe4 35. Qh2 Rxb3+ 36. axb3 Qe3 37. Qh7+
Kf8 38. Qf5+ Bf6 39. Rh8+ Kf7 1-0

[Event "3[Site "Potsdam"]
[Date "2012.12.27"]
[Round "1.8"]
[White "Peschel, Andreas"]
[Black "Kostre, Margarita"]
[Result "1-0"]
[WhiteElo "2167"]
[BlackElo "1758"]
[PlyCount "51"]
[EventDate "2013.??.??"]

1. d4 {[%emt 0:00:00]} Nf6 2. c4 g6 3. Nc3 Bg7 4. e4 d6 5. f4 O-O 6. Nf3 c5 7.
d5 Bg4 8. Be2 Nbd7 9. O-O a6 10. a4 Qc7 11. Be3 Rad8 12. h3 Bxf3 13. Bxf3 Rfe8
14. Qe1 e6 15. Qh4 exd5 16. cxd5 Nb6 17. Rad1 Nc4 18. Bc1 Nd7 19. Be2 Bd4+ 20.
Kh1 Ne3 21. Bxe3 Bxe3 22. e5 Bd4 23. Ne4 dxe5 24. d6 Qb6 25. f5 Qxb2 26. Bc4
1-0

[Event "3[Site "Potsdam"]
[Date "2012.12.27"]
[Round "1.9"]
[White "Haar, Reinhard"]
[Black "Gebigke, Martin"]
[Result "0-1"]
[WhiteElo "1744"]
[BlackElo "2142"]
[PlyCount "62"]
[EventDate "2013.??.??"]

1. d4 Nf6 2. c4 e6 3. Nf3 b6 4. g3 Ba6 5. Qc2 c5 6. Bg2 Bb7 7. O-O cxd4 8. Nxd4
Bxg2 9. Kxg2 Qc7 10. Nd2 Be7 11. Kg1 a6 12. Ne4 Qb7 13. Nxf6+ Bxf6 14. Rd1 O-O
15. b3 Rc8 16. Rb1 d5 17. Be3 Nd7 18. Nf3 Rc7 19. Bd4 b5 20. Bxf6 Nxf6 21. Rd4
Qc8 22. Ne5 Rb8 23. Rc1 Qf8 24. c5 b4 25. c6 Qd6 26. Nd3 e5 27. Rh4 e4 28. Qc5
Qxc5 29. Rxc5 exd3 30. exd3 Rb6 31. Kg2 Kf8 0-1

[Event "3[Site "Potsdam"]
[Date "2012.12.27"]
[Round "1.10"]
[White "Cremer, Jan Paul"]
[Black "Köckeritz, Dieter"]
[Result "1-0"]
[WhiteElo "2137"]
[BlackElo "1736"]
[PlyCount "53"]
[EventDate "2013.??.??"]

1. e4 c5 2. Nf3 d6 3. d4 cxd4 4. Qxd4 Nc6 5. Bb5 Bd7 6. Bxc6 bxc6 7. Nc3 Qb6 8.
Qd3 Nf6 9. O-O e6 10. Be3 Qc7 11. h3 Be7 12. Rad1 O-O 13. Bg5 Rad8 14. Rfe1 Bc8
15. Qc4 Rfe8 16. Nd4 Qa5 17. Bxf6 Bxf6 18. Nxc6 Qc7 19. Nb5 Qb6 20. Nxd8 Rxd8
21. Nxd6 Ba6 22. Qa4 h6 23. Nc4 Bxc4 24. Rxd8+ Qxd8 25. Qxc4 Qb6 26. e5 Qa5 27.
b4 1-0

[Event "3[Site "Potsdam"]
[Date "2012.12.27"]
[Round "1.11"]
[White "Schrodt, Horst"]
[Black "Welz, Peter"]
[Result "0-1"]
[WhiteElo "1727"]
[BlackElo "2104"]
[PlyCount "130"]
[EventDate "2013.??.??"]

1. d4 f5 2. Nf3 Nf6 3. g3 g6 4. Bg2 Bg7 5. O-O O-O 6. c4 d6 7. Nc3 Nc6 8. Rb1
e5 9. dxe5 dxe5 10. Ng5 h6 11. Nh3 Be6 12. Nd5 g5 13. Kh1 e4 14. Nxf6+ Qxf6 15.
b3 Rfd8 16. Qe1 Qc3 17. Qxc3 Bxc3 18. e3 Nb4 19. a3 Nd3 20. Ng1 Rd6 21. Ne2 Bg7
22. g4 Nxc1 23. Rfxc1 Rd2 24. gxf5 Bxf5 25. Ng3 Rf8 26. Rf1 c6 27. Bxe4 Be6 28.
Kg1 Rfd8 29. Nf5 Bf8 30. Nd4 Bh3 31. Bg2 Bxg2 32. Kxg2 Re8 33. Kg1 Bxa3 34. Ra1
Bc5 35. Rfd1 Rxd1+ 36. Rxd1 Rd8 37. Kf1 Kh7 38. Ke2 a6 39. Ne6 Rxd1 40. Kxd1
Be7 41. h3 Kg6 42. Ke2 a5 43. f4 Kf6 44. Nd4 gxf4 45. exf4 Bc5 46. Nf3 Kf5 47.
Ne5 Bd6 48. Nf7 Bxf4 49. Nd8 Bc7 50. Nxb7 Kf4 51. Kf2 Ke4 52. Ke2 Kd4 53. Kd2
h5 54. c5 h4 55. Kc2 Ke5 56. b4 axb4 57. Kb3 Kf4 58. Nd6 Kg3 59. Nf5+ Kxh3 60.
Kxb4 Kg4 61. Nxh4 Kxh4 62. Kc4 Kg4 63. Kd4 Kf4 64. Kc3 Ke3 65. Kc4 Ke4 0-1

[Event "3[Site "Potsdam"]
[Date "2012.12.27"]
[Round "1.12"]
[White "Illner, Kristof"]
[Black "Calamar, George"]
[Result "1/2-1/2"]
[WhiteElo "2071"]
[BlackElo "1711"]
[PlyCount "65"]
[EventDate "2013.??.??"]

1. e4 {[%emt 0:00:00]} g6 2. d4 Bg7 3. Nf3 d6 4. Bc4 Nf6 5. Qe2 O-O 6. O-O Nc6
7. Nc3 Bg4 8. Rd1 e5 9. Be3 exd4 10. Bxd4 Nxd4 11. Rxd4 Nd7 12. Rdd1 Ne5 13.
Bb3 Nxf3+ 14. gxf3 Bh3 15. Qe3 Be6 16. f4 Bxb3 17. axb3 Bxc3 18. bxc3 a6 19.
Rd5 f6 20. e5 fxe5 21. fxe5 Rf5 22. exd6 Rxd5 23. Qe6+ Kg7 24. Qxd5 Qxd6 25.
Qxb7 Rf8 26. Qxa6 Qd2 27. Qd3 Qxf2+ 28. Kh1 c5 29. Qe4 Rf5 30. Re1 Rh5 31. Qe7+
Kg8 32. Qe8+ Kg7 33. Qe7+ 1/2-1/2

[Event "3[Site "Potsdam"]
[Date "2012.12.27"]
[Round "1.13"]
[White "Paliy, Margaryta"]
[Black "Kropman, Alexei"]
[Result "0-1"]
[WhiteElo "1701"]
[BlackElo "2068"]
[PlyCount "40"]
[EventDate "2013.??.??"]

1. e4 {[%emt 0:00:00]} e5 {[%emt 0:00:00]} 2. Nf3 Nc6 3. Bb5 f5 4. Nc3 fxe4 5.
Nxe4 d5 6. Nc3 Bg4 7. O-O Nf6 8. Re1 Bd6 9. Nxe5 Bxe5 10. Bxc6+ Kf8 11. f3 Bd4+
12. Kh1 bxc6 13. fxg4 h5 14. gxh5 Rxh5 15. Ne2 Ng4 16. Rf1+ Kg8 17. Nxd4 Rxh2+
18. Kg1 Rh1+ 19. Kxh1 Qh4+ 20. Kg1 Qh2# 0-1

[Event "3[Site "Potsdam"]
[Date "2012.12.27"]
[Round "1.14"]
[White "Schrodt, Sebastian"]
[Black "Glase, Johan"]
[Result "1/2-1/2"]
[WhiteElo "2055"]
[BlackElo "1694"]
[PlyCount "109"]
[EventDate "2013.??.??"]

1. Nf3 d5 2. c4 e6 3. g3 Nf6 4. Bg2 c6 5. cxd5 Nxd5 6. O-O Nd7 7. d3 Qc7 8.
Nbd2 b5 9. Qc2 Bb7 10. Re1 Be7 11. Nd4 Rc8 12. N2f3 O-O 13. Bg5 N7f6 14. Rac1
a6 15. Bh3 c5 16. Qb3 Qd6 17. Nxe6 fxe6 18. e4 Nc7 19. Bf4 Qc6 20. Nd4 Qb6 21.
Bxc7 Rxc7 22. Nxe6 Kh8 23. Nxc7 Qxc7 24. Bg2 Qc6 25. d4 c4 26. d5 Qb6 27. Rxc4
Ng4 28. Rc2 Rxf2 29. Kh1 Rxc2 30. Qxc2 Nf2+ 31. Kg1 Nd3+ 32. Kf1 Nxe1 33. Kxe1
Qg1+ 34. Bf1 Bb4+ 35. Ke2 Qxh2+ 36. Kd1 Qxg3 37. Qe2 Bc8 38. Kc2 Bg4 39. Qd3
Qxd3+ 40. Kxd3 g5 41. e5 Kg8 42. Ke4 h5 43. a3 Bf8 44. d6 Kf7 45. a4 h4 46.
axb5 axb5 47. Bxb5 h3 48. Bc4+ Ke8 49. Bf1 h2 50. Bg2 Bh3 51. Bh1 g4 52. b4 Kd7
53. b5 Bxd6 54. exd6 Kxd6 55. Kf4 1/2-1/2

[Event "3[Site "Potsdam"]
[Date "2012.12.27"]
[Round "1.15"]
[White "Faust, Adrian"]
[Black "Gelemerov, Yane"]
[Result "0-1"]
[WhiteElo "1685"]
[BlackElo "2052"]
[PlyCount "58"]
[EventDate "2013.??.??"]

1. f4 d5 2. Nf3 c5 3. e3 a6 4. Be2 Nc6 5. O-O Nf6 6. b3 Bg4 7. d3 Bxf3 8. Bxf3
e6 9. Bb2 Be7 10. Nd2 O-O 11. Kh1 Qc7 12. g3 Rad8 13. e4 dxe4 14. Nxe4 Nd4 15.
Rc1 Nd5 16. Qd2 Nxf3 17. Rxf3 b5 18. Be5 Qc6 19. Qg2 c4 20. dxc4 bxc4 21. Bb2
Rd7 22. Rd1 Ne3 23. Rxd7 Nxg2 24. Rxe7 Qxe4 25. Kxg2 Qxc2+ 26. Rf2 Qe4+ 27. Kg1
Rd8 28. Rf1 c3 29. Bc1 h5 0-1

[Event "3[Site "Potsdam"]
[Date "2012.12.27"]
[Round "1.16"]
[White "Allgaier, Erik"]
[Black "Paul, Fabian"]
[Result "1-0"]
[WhiteElo "2045"]
[BlackElo "1628"]
[PlyCount "75"]
[EventDate "2013.??.??"]

1. c4 Nf6 2. g3 g6 3. Bg2 c5 4. Nf3 Bg7 5. d4 Nc6 6. d5 Nb4 7. Nc3 O-O 8. O-O
d6 9. e4 e5 10. a3 Na6 11. Bg5 Bd7 12. Qd2 Rb8 13. Rfe1 b5 14. cxb5 Bxb5 15.
Nxb5 Rxb5 16. Bf1 Rb6 17. Qa5 Qc8 18. b4 Qb7 19. b5 Nc7 20. a4 a6 21. bxa6 Nxa6
22. Nd2 Nb4 23. Bxf6 Ra8 24. Qxb6 Qxb6 25. Bxg7 Kxg7 26. Nc4 Qc7 27. Rec1 f5
28. exf5 gxf5 29. Rd1 Kf6 30. a5 Ke7 31. Nxe5 Rxa5 32. Rxa5 Qxa5 33. Nc4 Qa2
34. Re1+ Kf7 35. Nxd6+ Kf6 36. Re6+ Kg5 37. Nf7+ Kg4 38. Be2+ 1-0

[Event "3[Site "Potsdam"]
[Date "2012.12.27"]
[Round "1.17"]
[White "Brüggemann, Frank"]
[Black "Becker, Jared"]
[Result "0-1"]
[WhiteElo "1604"]
[BlackElo "2031"]
[PlyCount "72"]
[EventDate "2013.??.??"]

1. Nf3 {[%emt 0:00:00]} Nf6 2. g3 g6 3. Bg2 Bg7 4. O-O O-O 5. d3 c5 6. c4 Nc6
7. a3 d5 8. Nbd2 e5 9. Qc2 d4 10. Ng5 Qe7 11. Nge4 Nd7 12. f4 exf4 13. gxf4 f5
14. Ng3 Nf6 15. Nb3 Bd7 16. Bd2 Rae8 17. Rae1 Ng4 18. h3 Ne3 19. Bxe3 Qxe3+ 20.
Kh2 b6 21. Rf3 Qe7 22. e4 dxe3 23. Rexe3 Qd6 24. Rxe8 Rxe8 25. Qd2 Bh6 26. Qf2
Qf6 27. Qd2 Bg7 28. Rf2 a5 29. Nc1 a4 30. b4 axb3 31. Nxb3 Ra8 32. Qc1 Ra4 33.
Bxc6 Bxc6 34. Re2 Qd6 35. Qe3 Kf7 36. d4 Rxc4 0-1

[Event "3[Site "Potsdam"]
[Date "2012.12.27"]
[Round "1.18"]
[White "Perestjuk, Marko"]
[Black "Nguyen, Anh Van"]
[Result "1-0"]
[WhiteElo "1980"]
[BlackElo "1583"]
[PlyCount "58"]
[EventDate "2013.??.??"]

1. e4 c5 2. Nf3 d6 3. d4 cxd4 4. Qxd4 Nc6 5. Bb5 Bd7 6. Bxc6 Bxc6 7. Nc3 Nf6 8.
Bg5 Nd7 9. O-O-O Qb6 10. Qxb6 Nxb6 11. Nd5 e6 12. Nc7+ Kd7 13. Nxa8 Nxa8 14.
Ne5+ Ke8 15. Nxc6 bxc6 16. Rd3 Be7 17. Bxe7 Kxe7 18. Ra3 Rc8 19. Rxa7+ Nc7 20.
Rd1 Kf6 21. f4 d5 22. exd5 cxd5 23. a4 Ne8 24. Rd3 Nd6 25. Rb3 Rc4 26. g3 Ne4
27. Rbb7 Nd6 28. Rd7 Rc6 29. b4 Kg6 1-0

[Event "3[Site "Potsdam"]
[Date "2012.12.27"]
[Round "1.19"]
[White "Gerisch, Hans-Dieter"]
[Black "Scheide, Helmut"]
[Result "0-1"]
[WhiteElo "1548"]
[BlackElo "1980"]
[PlyCount "76"]
[EventDate "2013.??.??"]

1. e4 e5 2. Nf3 Nc6 3. Bc4 Nf6 4. d3 Be7 5. O-O d6 6. Be3 Na5 7. Bb3 Nxb3 8.
axb3 a6 9. h3 O-O 10. Qd2 Bd7 11. Nc3 Qc8 12. Ra2 Nh5 13. Raa1 f5 14. Bg5 Bxg5
15. Qxg5 Nf4 16. Nd5 Nxd5 17. exd5 f4 18. Nh2 Rf6 19. Qh5 Rg6 20. Ng4 Bxg4 21.
hxg4 Rxg4 22. f3 Rg6 23. Kf2 Rh6 24. Qg4 Qxg4 25. fxg4 Rf8 26. Kf3 Rh4 27. Rg1
h5 28. gxh5 Rf5 29. Rae1 Rfxh5 30. Ref1 Kf7 31. Ke2 Rg5 32. g3 Rhg4 33. Rf3
Rxg3 34. Rfxg3 Rxg3 35. Rxg3 fxg3 36. Kf3 Kf6 37. Kxg3 Kf5 38. b4 e4 0-1

[Event "3[Site "Potsdam"]
[Date "2012.12.27"]
[Round "1.20"]
[White "Kühne, Carsten"]
[Black "Grigoleit, Steven"]
[Result "0-1"]
[WhiteElo "1826"]
[BlackElo "1960"]
[PlyCount "52"]
[EventDate "2013.??.??"]

1. d4 Nf6 2. Nf3 g6 3. Bf4 Bg7 4. e3 O-O 5. Be2 d6 6. h3 Nbd7 7. c3 c5 8. Nbd2
b6 9. O-O Bb7 10. a4 a6 11. Rb1 Rc8 12. b4 Nd5 13. Qb3 cxb4 14. cxb4 Nxf4 15.
exf4 Nf6 16. Rbc1 Nd5 17. g3 Qd7 18. Kh2 e6 19. Rfe1 Rc7 20. Rxc7 Qxc7 21. Qc4
Qd7 22. Qb3 Rc8 23. b5 a5 24. Nc4 Qc7 25. Rd1 Nb4 26. Qe3 Nc2 0-1

[Event "3[Site "Potsdam"]
[Date "2012.12.27"]
[Round "1.21"]
[White "Lenz, Tobias"]
[Black "Fuchs, Dominik"]
[Result "1/2-1/2"]
[WhiteElo "1949"]
[BlackElo "1570"]
[PlyCount "59"]
[EventDate "2013.??.??"]

1. c4 {[%emt 0:00:00]} c5 2. g3 Nf6 3. Bg2 e6 4. e3 Be7 5. Ne2 O-O 6. O-O d5 7.
d3 b6 8. Nbc3 Bb7 9. a4 Nc6 10. cxd5 Nxd5 11. Nxd5 exd5 12. e4 d4 13. Bd2 Ba6
14. Nc1 Ne5 15. Bf4 f6 16. Bxe5 fxe5 17. f4 Qc7 18. Ne2 c4 19. fxe5 Qxe5 20.
Rxf8+ Rxf8 21. dxc4 Bxc4 22. Rc1 Bc5 23. Rxc4 d3+ 24. Kh1 dxe2 25. Qxe2 Rf2 26.
Qd3 Qxb2 27. Qd5+ Kh8 28. h3 Qb1+ 29. Kh2 Rf8 30. h4 1/2-1/2

[Event "3[Site "Potsdam"]
[Date "2012.12.27"]
[Round "1.22"]
[White "Gebigke, Lena"]
[Black "Bernhöft, Erhard"]
[Result "0-1"]
[WhiteElo "1477"]
[BlackElo "1944"]
[PlyCount "86"]
[EventDate "2013.??.??"]

1. d4 {[%emt 0:00:00]} g6 2. c4 Bg7 3. g3 d6 4. Bg2 c6 5. Nf3 Qc7 6. Bf4 Nd7 7.
e4 e5 8. Be3 Ne7 9. Qd2 h6 10. Nc3 f5 11. O-O-O Nf6 12. dxe5 dxe5 13. Qd6 Qxd6
14. Rxd6 fxe4 15. Nxe5 Nf5 16. Rd2 Nxe3 17. fxe3 Bf5 18. g4 Nxg4 19. Nxg4 Bxg4
20. Nxe4 O-O 21. h3 Be6 22. b3 Rae8 23. Nd6 Re7 24. Rf1 Rxf1+ 25. Bxf1 Kh7 26.
h4 h5 27. Ne4 Bh6 28. Ng5+ Bxg5 29. hxg5 Bf5 30. Bd3 Rxe3 31. Bxf5 gxf5 32.
Rd7+ Kg6 33. Kd2 Re6 34. c5 Kxg5 35. Rxb7 h4 36. Rxa7 h3 37. Rg7+ Kh4 38. a4
Rh6 39. Rg1 h2 40. Rh1 Kg3 41. a5 Kg2 42. a6 Kxh1 43. a7 Rh8 0-1

[Event "3[Site "Potsdam"]
[Date "2012.12.27"]
[Round "1.23"]
[White "Rennhack, Peer"]
[Black "Adam, Hanna"]
[Result "1-0"]
[WhiteElo "1932"]
[BlackElo "1427"]
[PlyCount "175"]
[EventDate "2013.??.??"]

1. e4 e6 2. d4 d5 3. e5 c5 4. c3 Qb6 5. Nf3 Nc6 6. Bd3 cxd4 7. cxd4 Bd7 8. O-O
Nxd4 9. Nxd4 Qxd4 10. Nc3 a6 11. Qe2 Rc8 12. Rd1 Qb6 13. Qg4 Ne7 14. Be3 Qc7
15. f4 Nf5 16. Nxd5 Qa5 17. Bxf5 exf5 18. Qg5 Be6 19. Nb6 h6 20. Qg3 Rc6 21.
Rac1 Rxc1 22. Rxc1 g6 23. Qf3 Be7 24. Qxb7 Bd8 25. Qc6+ Kf8 26. Nd7+ Kg7 27.
Nc5 Qxa2 28. Nxe6+ Qxe6 29. Qxe6 fxe6 30. Rc6 Kf7 31. Rxa6 g5 32. Ra7+ Kg6 33.
g3 Re8 34. b4 gxf4 35. gxf4 h5 36. b5 h4 37. h3 Be7 38. b6 Bb4 39. Kf1 Rb8 40.
Ra4 Be7 41. Rc4 Bd8 42. Rc6 Kf7 43. Rd6 Ke7 44. Bf2 Kf7 45. Ke2 Be7 46. Rd7 Ke8
47. Rc7 Kd8 48. Ra7 Ke8 49. Kd3 Bd8 50. Rh7 Bxb6 51. Bxh4 Bc5 52. Rc7 Bf8 53.
Bg5 Rb3+ 54. Rc3 Rb1 55. h4 Kd7 56. Ke2 Rh1 57. Rd3+ Kc6 58. Rd8 Bc5 59. Kf3
Kc7 60. Rh8 Kd7 61. h5 Rf1+ 62. Kg2 Rg1+ 63. Kh2 Rg4 64. h6 Be3 65. Rd8+ Kc7
66. h7 Bxf4+ 67. Bxf4 Rh4+ 68. Kg3 Rxh7 69. Rd6 Re7 70. Bg5 Re8 71. Kf4 Kb7 72.
Bf6 Kc8 73. Kg5 Kc7 74. Kg6 f4 75. Kf7 Ra8 76. Kxe6 f3 77. Rd7+ Kc6 78. Rd2 Ra3
79. Kf7 Re3 80. Rf2 Kd7 81. Kg6 Ke6 82. Kg5 Rb3 83. Kg4 Re3 84. Rxf3 Rxf3 85.
Kxf3 Kf7 86. Ke3 Ke6 87. Ke4 Kd7 88. Kd5 1-0

[Event "3[Site "Potsdam"]
[Date "2012.12.27"]
[Round "1.24"]
[White "Adam, Horst-Dieter"]
[Black "Roth, Joachim"]
[Result "1/2-1/2"]
[WhiteElo "1366"]
[BlackElo "1924"]
[PlyCount "47"]
[EventDate "2013.??.??"]

1. d4 d5 2. Nf3 e6 3. Bf4 c6 4. e3 Nf6 5. Nbd2 Bb4 6. c3 Be7 7. Bd3 O-O 8. e4
dxe4 9. Nxe4 Nbd7 10. Qe2 Nxe4 11. Bxe4 Nf6 12. Bc2 a5 13. a3 b6 14. O-O Ba6
15. c4 g6 16. Rad1 Re8 17. Rfe1 b5 18. c5 Nd5 19. Bg3 Bf6 20. Ne5 Qc8 21. Qf3
Ra7 22. Bb3 Bg7 23. Bh4 a4 24. Bxd5 1/2-1/2

[Event "3[Site "Potsdam"]
[Date "2012.12.27"]
[Round "1.26"]
[White "Dathe, Frederick"]
[Black "Hänisch, Christoph"]
[Result "0-1"]
[WhiteElo "1322"]
[BlackElo "1917"]
[PlyCount "98"]
[EventDate "2013.??.??"]

1. c4 {[%emt 0:00:00]} c5 2. Nf3 Nc6 3. Nc3 g6 4. d4 cxd4 5. Nxd4 Bg7 6. e3 d6
7. g3 Nf6 8. Bg2 Bd7 9. O-O O-O 10. Re1 a6 11. e4 Qb6 12. Nxc6 bxc6 13. Rb1 Ng4
14. Be3 Nxe3 15. fxe3 Rab8 16. Na4 Qa7 17. b4 a5 18. a3 axb4 19. axb4 Ra8 20.
Nb2 Bc3 21. Re2 Bg4 22. Nd3 Bxe2 23. Qxe2 Qa2 24. Qxa2 Rxa2 25. h3 Bd2 26. Bf1
Bxe3+ 27. Kh1 Rfa8 28. Re1 Bd4 29. Be2 Rd2 30. Nc1 Bf2 31. Rf1 Bxg3 32. Kg2 Be5
33. Kf3 Ra3+ 34. Kg4 h5+ 35. Kh4 Bf6+ 36. Rxf6 exf6 37. b5 cxb5 38. cxb5 Rc3
39. b6 Rxc1 40. b7 Rb1 41. e5 Rxe2 42. exd6 Rxb7 43. Kg3 Rd2 44. d7 Rdxd7 45.
Kh4 Rd4+ 46. Kg3 Rb3+ 47. Kf2 Rd2+ 48. Ke1 Rh2 49. Kf1 Rb1# 0-1

[Event "3[Site "Potsdam"]
[Date "2012.12.27"]
[Round "1.27"]
[White "Sicora, Carsten"]
[Black "Sommer, Horst"]
[Result "1-0"]
[WhiteElo "1904"]
[BlackElo "1292"]
[PlyCount "77"]
[EventDate "2013.??.??"]

1. e4 {[%emt 0:00:00]} e6 2. d4 d5 3. e5 c5 4. c3 cxd4 5. cxd4 Nc6 6. Nf3 Bb4+
7. Nc3 Nge7 8. a3 Ba5 9. Be2 h6 10. O-O O-O 11. b4 Bb6 12. Bb2 a6 13. Rc1 Nf5
14. Na4 Ba7 15. Nc5 Bb8 16. Bd3 Nfe7 17. Bb1 f6 18. exf6 Rxf6 19. Qd3 g6 20.
Ne5 Kg7 21. f4 Qf8 22. Qh3 Nxe5 23. fxe5 Rxf1+ 24. Rxf1 Qg8 25. Bc1 Qh7 26.
Bxh6+ Qxh6 27. Rf7+ Kxf7 28. Qxh6 Bxe5 29. dxe5 b6 30. Qh7+ Kf8 31. Nb3 Ke8 32.
Bxg6+ Nxg6 33. Qxg6+ Kd7 34. Qf7+ Kd8 35. Nd4 Bd7 36. Qf8+ Be8 37. Nxe6+ Kc8
38. Qxe8+ Kb7 39. Qd7+ 1-0

[Event "3[Site "Potsdam"]
[Date "2012.12.27"]
[Round "1.28"]
[White "Röhr, Tobias"]
[Black "Schwedek, Tony"]
[Result "0-1"]
[WhiteElo "1271"]
[BlackElo "1902"]
[PlyCount "102"]
[EventDate "2013.??.??"]

1. d4 {[%emt 0:00:00]} Nf6 {[%emt 0:00:00]} 2. Nf3 g6 3. c4 Bg7 4. Nc3 d5 5.
Bf4 dxc4 6. e3 a6 7. Bxc4 O-O 8. h3 b5 9. Bb3 Bb7 10. O-O Nbd7 11. Rc1 Rc8 12.
Re1 c5 13. a3 Ne4 14. Bc2 Nxc3 15. bxc3 Qa5 16. a4 cxd4 17. cxd4 b4 18. Bg5
Bxf3 19. Qxf3 Qxg5 20. Qb7 Nf6 21. Qxb4 e6 22. f4 Qd5 23. e4 Qc4 24. Qxc4 Rxc4
25. e5 Nd5 26. g3 Rfc8 27. Re2 Nb4 28. Kf2 Rxc2 29. Rcxc2 Rxc2 30. Rxc2 Nxc2
31. Ke2 Nxd4+ 32. Kd3 Nc6 33. Kc4 Nxe5+ 34. Kc5 Nd3+ 35. Kb6 Nb4 36. Kc5 Bf8+
37. Kb6 f6 38. Ka5 Kf7 39. g4 e5 40. fxe5 fxe5 41. g5 e4 42. h4 e3 43. h5 gxh5
44. g6+ hxg6 45. Kb6 e2 46. Ka5 e1=Q 47. Kb6 Qe5 48. a5 Bc5+ 49. Kb7 Qd5+ 50.
Kc8 Qc6+ 51. Kd8 Be7# 0-1

[Event "3[Site "Potsdam"]
[Date "2012.12.27"]
[Round "1.29"]
[White "Scholz, Ralf-Dieter"]
[Black "Osterland, Christian"]
[Result "1-0"]
[WhiteElo "1898"]
[BlackElo "1229"]
[PlyCount "73"]
[EventDate "2013.??.??"]

1. c4 {[%emt 0:00:00]} e6 {[%emt 0:00:00]} 2. Nc3 Bb4 3. g3 Bxc3 4. bxc3 Nf6 5.
Ba3 d6 6. Bg2 O-O 7. Rb1 c6 8. Nf3 e5 9. O-O b6 10. d4 Bf5 11. dxe5 Ng4 12. Rb2
Re8 13. exd6 Be6 14. Qd3 g6 15. e4 Nd7 16. Rb4 Rc8 17. Rd1 a5 18. Ra4 c5 19.
Bc1 Nde5 20. Nxe5 Nxe5 21. Qb1 Nxc4 22. Rxc4 Bxc4 23. d7 Kg7 24. Bf4 b5 25. Qc1
h5 26. a3 Rh8 27. dxc8=Q Qxc8 28. Qd2 Re8 29. e5 Bb3 30. Re1 Rd8 31. Qe3 Bc4
32. Bf1 Bxf1 33. Rxf1 c4 34. Qb6 h4 35. Qf6+ Kf8 36. Bg5 Ke8 37. Qe7# 1-0